[Event "Ct. Girona indiv. Absolut"]
[Site "Girona"]
[Date "2013.09.22"]
[Round "1"]
[White "Romera Fernandez, M."]
[Black "Aymerich Verdaguer, E."]
[Result "0-1"]
[WhiteElo "1506"]
[BlackElo "1980"]
[PlyCount "56"]
[EventDate "2013.??.??"]
[EventType "swiss"]
[EventRounds "9"]

1. Nf3 Nf6 2. b3 g6 3. Bb2 Bg7 4. c4 d6 5. e3 O-O 6. d4 Nc6 7. Bd3 Nb4 8. O-O
Nxd3 9. Qxd3 Bf5 10. Qd1 Ne4 11. Nbd2 c5 12. Nxe4 Bxe4 13. Nd2 Bd3 14. Re1 d5
15. Qc1 cxd4 16. Bxd4 Bxd4 17. exd4 dxc4 18. Nxc4 Rc8 19. Qe3 Bxc4 20. bxc4
Rxc4 21. Qxe7 Qxe7 22. Rxe7 Rb4 23. d5 Rd8 24. Rd1 Rxd5 25. Rde1 Ra5 26. R7e2
Rba4 27. Rb2 b5 28. h3 Rxa2 0-1

[Event "Ct. Girona indiv. Absolut"]
[Site "Girona"]
[Date "2013.09.22"]
[Round "1"]
[White "Salagran Ferragut, G."]
[Black "Torres Camps, A."]
[Result "1-0"]
[WhiteElo "1995"]
[BlackElo "1522"]
[PlyCount "53"]
[EventDate "2013.??.??"]
[EventType "swiss"]
[EventRounds "9"]

1. e4 c6 2. Nc3 d5 3. Nf3 Bg4 4. h3 Bh5 5. exd5 cxd5 6. g4 Bg6 7. Ne5 e6 8.
Bb5+ Ke7 9. d4 f6 10. Nxg6+ hxg6 11. Bf4 Kf7 12. Qd2 Bb4 13. O-O-O Qa5 14. Be2
Bxc3 15. Qxc3 Qxa2 16. Bb5 a6 17. Kd2 axb5 18. Ra1 b4 19. Qc7+ Ne7 20. Rxa2
Rxa2 21. Bd6 Nbc6 22. Bxe7 Nxe7 23. Re1 Rxh3 24. Qd7 Ra6 25. Qxb7 Rc6 26. Ra1
Rh2 27. Ra7 1-0

[Event "Ct. Girona indiv. Absolut"]
[Site "Girona"]
[Date "2013.09.22"]
[Round "1"]
[White "Triadu Cassa, J."]
[Black "Otones Lopez, JM."]
[Result "1-0"]
[WhiteElo "2173"]
[BlackElo "1618"]
[PlyCount "89"]
[EventDate "2013.??.??"]
[EventType "swiss"]
[EventRounds "9"]

1. e4 c5 2. Nf3 d6 3. d4 cxd4 4. Nxd4 Nc6 5. Nc3 Nf6 6. Bc4 e5 7. Nde2 h6 8.
Be3 Be7 9. f3 O-O 10. Qd2 Nh7 11. O-O-O a6 12. Nd5 Bg5 13. g3 b5 14. Bb3 Na5
15. f4 Nxb3+ 16. axb3 Bf6 17. Nb6 Rb8 18. Nxc8 Rxc8 19. Qxd6 Qa5 20. Kb1 Rfd8
21. Bb6 Rxd6 22. Bxa5 Rdc6 23. c3 exf4 24. gxf4 Nf8 25. e5 Be7 26. Nd4 Rg6 27.
Nf5 Re6 28. Rhg1 Ng6 29. Nd4 Nxf4 30. Nxe6 Nxe6 31. Rd7 Bg5 32. Bb4 Bf4 33. Rf1
g5 34. h3 Nd8 35. Rd6 Nc6 36. Rxh6 Bxe5 37. Rf5 Kg7 38. Rxc6 Rxc6 39. Rxe5 Kg6
40. Kc2 Kh5 41. Be7 Rg6 42. Kd3 Kh4 43. Rxg5 Rxg5 44. Ke4 f5+ 45. Kf4 1-0

[Event "Ct. Girona indiv. Absolut"]
[Site "Girona"]
[Date "2013.09.22"]
[Round "1"]
[White "Trias Punset, C."]
[Black "Lillo Castany, V."]
[Result "0-1"]
[WhiteElo "1669"]
[BlackElo "2324"]
[PlyCount "64"]
[EventDate "2013.??.??"]
[EventType "swiss"]
[EventRounds "9"]

1. d4 d5 2. Nf3 Nf6 3. g3 c5 4. c3 Nc6 5. Bg2 e6 6. O-O Bd6 7. Bg5 O-O 8. Nbd2
h6 9. Bxf6 Qxf6 10. Nb3 cxd4 11. cxd4 Bd7 12. e3 Rfc8 13. Rc1 b6 14. a3 a5 15.
Nbd2 a4 16. Ne1 Na5 17. Rxc8+ Rxc8 18. Qf3 Bb5 19. Qxf6 gxf6 20. Nef3 Bxf1 21.
Bxf1 Rc2 22. Bb5 Rxb2 23. Bxa4 b5 24. Bd1 Bxa3 25. Nf1 b4 26. Ba4 Nc4 27. g4 b3
28. Bxb3 Rxb3 29. Ng3 Rb2 30. Nh5 Be7 31. Ne1 Rb1 32. Kf1 Bb4 0-1

[Event "Ct. Girona indiv. Absolut"]
[Site "Girona"]
[Date "2013.09.22"]
[Round "1"]
[White "Vigueras Ruiz, F."]
[Black "Alsina Franco, S."]
[Result "0-1"]
[WhiteElo "1462"]
[BlackElo "1935"]
[PlyCount "70"]
[EventDate "2013.??.??"]
[EventType "swiss"]
[EventRounds "9"]

1. e4 e5 2. Nf3 Nc6 3. Nc3 Nf6 4. d4 exd4 5. Nxd4 Bc5 6. Nxc6 dxc6 7. Qxd8+
Kxd8 8. Bg5 h6 9. O-O-O+ Ke7 10. Bh4 g5 11. Bg3 Ng4 12. Rd2 Rd8 13. Bd3 Bd6 14.
Re2 Ne5 15. Rd1 Be6 16. h3 Nxd3+ 17. Rxd3 Bc4 18. Bxd6+ cxd6 19. Rde3 Bxe2 20.
Nxe2 h5 21. Ng3 Rh8 22. Nf5+ Ke6 23. f3 Rag8 24. Re2 g4 25. hxg4 hxg4 26. f4 g3
27. a4 Rg4 28. Nd4+ Kd7 29. f5 Re8 30. Nb3 Rgxe4 31. Rd2 Re1+ 32. Rd1 Rxd1+ 33.
Kxd1 Re5 34. Nd4 Rd5 35. c3 c5 0-1

[Event "Ct. Girona indiv. Absolut"]
[Site "Girona"]
[Date "2013.10.06"]
[Round "2"]
[White "Alejo Alvarez, R."]
[Black "Perez Lopez, A."]
[Result "1-0"]
[WhiteElo "2005"]
[BlackElo "1796"]
[PlyCount "101"]
[EventDate "2013.??.??"]
[EventType "swiss"]
[EventRounds "9"]

1. e4 d6 2. d4 Nf6 3. Nc3 g6 4. Be3 Bg7 5. h3 O-O 6. Qd2 Nbd7 7. Nf3 c5 8. Be2
cxd4 9. Nxd4 a6 10. a4 Qc7 11. O-O Ne5 12. b3 Nc6 13. Nxc6 Qxc6 14. Bf3 Qc7 15.
Bd4 Be6 16. Nd5 Nxd5 17. exd5 Bf5 18. Rfe1 Qxc2 19. Qxc2 Bxc2 20. Bxg7 Kxg7 21.
Rxe7 b5 22. Rc7 Rfc8 23. Rc6 Bxb3 24. axb5 axb5 25. Rxa8 Rxa8 26. Rxd6 Kf8 27.
Rb6 Bc4 28. g4 Rd8 29. d6 Be6 30. Kg2 Bd7 31. g5 Rc8 32. Kg3 Rc3 33. h4 Rd3 34.
Kf4 Rd4+ 35. Ke5 Rd3 36. Be4 Rd2 37. f3 Kg7 38. Rb7 Be6 39. Rxb5 Re2 40. Rb7
Rd2 41. Re7 Kf8 42. Bc6 Kg7 43. d7 Re2+ 44. Kd6 Rd2+ 45. Kc7 Bxd7 46. Bxd7 Rd4
47. Be6 Rf4 48. Kd7 Rxf3 49. Ke8 Rc3 50. Rxf7+ Kh8 51. Rf8+ 1-0

[Event "Ct. Girona indiv. Absolut"]
[Site "Girona"]
[Date "2013.10.06"]
[Round "2"]
[White "Alonso Mediavilla, C."]
[Black "Dorca Dilme, R."]
[Result "0-1"]
[WhiteElo "1857"]
[BlackElo "2196"]
[PlyCount "92"]
[EventDate "2013.??.??"]
[EventType "swiss"]
[EventRounds "9"]

1. d4 Nf6 2. c4 g6 3. Nc3 Bg7 4. e4 d6 5. Nf3 O-O 6. Be2 Nbd7 7. O-O e5 8. dxe5
Nxe5 9. Nxe5 dxe5 10. Qxd8 Rxd8 11. Bg5 c6 12. Rad1 Be6 13. f3 h6 14. Be3 b6
15. Rxd8+ Rxd8 16. Rd1 Rxd1+ 17. Nxd1 Nd7 18. Nc3 f5 19. g3 Kf7 20. Kg2 g5 21.
exf5 Bxf5 22. Ne4 Ke6 23. b4 Bf8 24. a3 a5 25. bxa5 bxa5 26. Bd2 Bxa3 27. Bxa5
Bxe4 28. fxe4 Kd6 29. h4 Kc5 30. hxg5 hxg5 31. Bd2 Kd4 32. Bxg5 Kxe4 33. g4 Kd4
34. Bd2 Nb6 35. g5 Nxc4 36. g6 Bf8 37. Bg5 Bg7 38. Bg4 Ne3+ 39. Kg3 Nxg4 40.
Kxg4 e4 41. Kf5 e3 42. Bf6+ Bxf6 43. Kxf6 e2 44. g7 e1=Q 45. g8=Q Qe5+ 46. Kf7
Qd5+ 0-1

[Event "Ct. Girona indiv. Absolut"]
[Site "Girona"]
[Date "2013.10.06"]
[Round "2"]
[White "Alsina Franco, S."]
[Black "Alejo Alvarez, MA."]
[Result "1-0"]
[WhiteElo "1935"]
[BlackElo "1716"]
[PlyCount "55"]
[EventDate "2013.??.??"]
[EventType "swiss"]
[EventRounds "9"]

1. e4 d5 2. exd5 Qxd5 3. Nc3 Qa5 4. g3 Nf6 5. Bg2 c6 6. Nf3 Bg4 7. b4 Bxf3 8.
Qxf3 Qe5+ 9. Qe2 Qxe2+ 10. Kxe2 a6 11. a4 e6 12. Rb1 Nbd7 13. b5 Nd5 14. bxc6
bxc6 15. Nxd5 cxd5 16. c4 Nf6 17. Bb2 Rd8 18. Bxf6 gxf6 19. cxd5 Bh6 20. Rb6
O-O 21. f4 Rfe8 22. Rxa6 exd5+ 23. Kd3 Re6 24. Ra5 Red6 25. Rb1 Bf8 26. Rbb5 d4
27. Rd5 Rxd5 28. Bxd5 1-0

[Event "Ct. Girona indiv. Absolut"]
[Site "Girona"]
[Date "2013.10.06"]
[Round "2"]
[White "Aymerich Verdaguer, E."]
[Black "Otones Lopez, A."]
[Result "1-0"]
[WhiteElo "1980"]
[BlackElo "1790"]
[PlyCount "54"]
[EventDate "2013.??.??"]
[EventType "swiss"]
[EventRounds "9"]

1. Nf3 Nf6 2. c4 b6 3. g3 Bb7 4. Bg2 g6 5. Nc3 Bg7 6. O-O O-O 7. d4 d5 8. Ne5
e6 9. Bg5 c6 10. Re1 Qd6 11. cxd5 Nxd5 12. Nxd5 exd5 13. Bf4 Qb4 14. Qd3 f6 15.
Nf3 Re8 16. e4 dxe4 17. Rxe4 Nd7 18. Rae1 Red8 19. a3 Qf8 20. Qc4+ Kh8 21. Re7
Ne5 22. R7xe5 fxe5 23. Nxe5 Re8 24. Re3 Re7 25. Qe2 Rc8 26. Nxg6+ hxg6 27. Rxe7
Ba6 1-0

[Event "Ct. Girona indiv. Absolut"]
[Site "Girona"]
[Date "2013.10.06"]
[Round "2"]
[White "Caballero Maytin, J."]
[Black "Ramirez Garcia, L."]
[Result "1-0"]
[WhiteElo "1962"]
[BlackElo "1776"]
[PlyCount "57"]
[EventDate "2013.??.??"]
[EventType "swiss"]
[EventRounds "9"]

1. e4 e5 2. d4 exd4 3. Qxd4 Nc6 4. Qe3 Nf6 5. Nc3 Bb4 6. Bd2 Qe7 7. O-O-O O-O
8. f3 d6 9. h4 Bc5 10. Qe1 h6 11. g4 Bxg4 12. fxg4 Nxg4 13. Nh3 Nd4 14. Qg3 h5
15. Bd3 Qe6 16. Nf4 Qe5 17. Rhf1 a5 18. Na4 Ba7 19. c3 Ne6 20. Nxh5 Qxh5 21.
Rf5 Qg6 22. h5 Qh7 23. Qxg4 b5 24. Bxb5 Rab8 25. Bc4 Nc5 26. Nxc5 Bxc5 27. Rxf7
Rxf7 28. Rf1 Kh8 29. Rxf7 1-0

[Event "Ct. Girona indiv. Absolut"]
[Site "Girona"]
[Date "2013.10.06"]
[Round "2"]
[White "Carramiñana Puig, J."]
[Black "Garcia Taberner, L."]
[Result "0-1"]
[WhiteElo "1754"]
[BlackElo "1963"]
[PlyCount "68"]
[EventDate "2013.??.??"]
[EventType "swiss"]
[EventRounds "9"]

1. e4 e6 2. d4 d5 3. exd5 exd5 4. Nf3 Bd6 5. Be2 Nf6 6. Bg5 O-O 7. O-O Bf5 8.
Nbd2 c6 9. c4 dxc4 10. Nxc4 Be7 11. Qb3 Qc7 12. Ne3 Be6 13. Qc2 Nd5 14. Bxe7
Qxe7 15. a3 Nf4 16. Rae1 Nxe2+ 17. Rxe2 Qf6 18. Qe4 Nd7 19. Ne5 Nb6 20. f4 Rad8
21. f5 Bd5 22. Nxd5 Rxd5 23. Rf3 Rfd8 24. Rd3 h6 25. Rf2 Qd6 26. Nf3 Nd7 27.
Rb3 Nf6 28. Qc2 Ng4 29. Re2 Rxd4 30. h3 Rd1+ 31. Re1 Qd4+ 32. Kh1 Rxe1+ 33.
Nxe1 Nf2+ 34. Kh2 Qe5+ 0-1

[Event "Ct. Girona indiv. Absolut"]
[Site "Girona"]
[Date "2013.10.06"]
[Round "2"]
[White "De Azua Arpi, R."]
[Black "Sosa Borges, E."]
[Result "1-0"]
[WhiteElo "1923"]
[BlackElo "1694"]
[PlyCount "99"]
[EventDate "2013.??.??"]
[EventType "swiss"]
[EventRounds "9"]

1. d4 d5 2. c4 e6 3. Nc3 Be7 4. Nf3 Nf6 5. Bf4 Nbd7 6. e3 c5 7. cxd5 Nxd5 8.
Nxd5 exd5 9. Bd3 cxd4 10. exd4 Bb4+ 11. Nd2 Qe7+ 12. Be3 O-O 13. O-O Nf6 14.
Bg5 Qd6 15. h3 Bd7 16. Nf3 Ba5 17. Ne5 Bc6 18. Rc1 Ne4 19. Bf4 Qf6 20. Nxc6
bxc6 21. Be5 Qe6 22. Qa4 Bb6 23. Rxc6 Qd7 24. Rfc1 Rac8 25. Qb5 Rxc6 26. Rxc6
Rd8 27. Bxe4 dxe4 28. Qc4 h6 29. Rd6 Qc8 30. Qd5 Rxd6 31. Qxd6 Qd8 32. Qxd8+
Bxd8 33. Bd6 f5 34. b4 a6 35. a4 Kf7 36. b5 axb5 37. axb5 Ke6 38. Bc5 Kd5 39.
Kf1 f4 40. Ke2 g5 41. g4 Bc7 42. b6 f3+ 43. Ke1 Bd6 44. b7 Bb8 45. Bf8 Kxd4 46.
Bxh6 Kd5 47. Bxg5 Ke6 48. Kd2 Ke5 49. h4 Ba7 50. h5 1-0

[Event "Ct. Girona indiv. Absolut"]
[Site "Girona"]
[Date "2013.10.06"]
[Round "2"]
[White "Kripakov, A."]
[Black "Campo Echevarria, JF."]
[Result "1/2-1/2"]
[WhiteElo "1797"]
[BlackElo "2028"]
[PlyCount "67"]
[EventDate "2013.??.??"]
[EventType "swiss"]
[EventRounds "9"]

1. e4 g6 2. d4 Bg7 3. f4 d6 4. Nf3 a6 5. Be2 b5 6. c3 Bb7 7. e5 Nd7 8. O-O Nh6
9. Ng5 e6 10. Nd2 dxe5 11. fxe5 Qxg5 12. Ne4 Qh4 13. Ng5 Nf5 14. Qb3 Bh6 15.
Nxf7 Kxf7 16. g4 Bxc1 17. Raxc1 Qh3 18. Rf2 Rae8 19. Rd1 Bd5 20. Qc2 Kg7 21.
gxf5 gxf5 22. Rd3 Qh6 23. Rg3+ Kf7 24. Bg4 Rhg8 25. Rxf5+ exf5 26. Qxf5+ Nf6
27. Bh5+ Ke7 28. exf6+ Qxf6 29. Qxd5 Rxg3+ 30. hxg3 Rf8 31. Qc5+ Kd8 32. Qd5+
Ke7 33. Qc5+ Kd8 34. Qd5+ 1/2-1/2

[Event "Ct. Girona indiv. Absolut"]
[Site "Girona"]
[Date "2013.10.06"]
[Round "2"]
[White "Lillo Castany, V."]
[Black "Saurina Suner, FX."]
[Result "1-0"]
[WhiteElo "2324"]
[BlackElo "1871"]
[PlyCount "83"]
[EventDate "2013.??.??"]
[EventType "swiss"]
[EventRounds "9"]

1. e4 e5 2. Nf3 Nc6 3. Bb5 a6 4. Ba4 Nf6 5. O-O b5 6. Bb3 d6 7. c3 Na5 8. Bc2
Bb7 9. Re1 c5 10. d4 Nc6 11. a4 Be7 12. axb5 axb5 13. Rxa8 Bxa8 14. Na3 Qb6 15.
d5 Na7 16. b4 O-O 17. Be3 Ng4 18. bxc5 Nxe3 19. cxb6 Nxd1 20. Rxd1 Nc8 21. Nxb5
Nxb6 22. Nd2 Rc8 23. Ra1 Rc5 24. c4 Rc8 25. Ra7 Kf8 26. g3 f5 27. Nc7 fxe4 28.
Nxe4 g6 29. h4 Rb8 30. Ne6+ Ke8 31. h5 Rb7 32. Ba4+ Kf7 33. Nd8+ Bxd8 34. Nxd6+
Kf6 35. Nxb7 Bxb7 36. Bb3 Bc8 37. hxg6 hxg6 38. c5 Nd7 39. Ra8 Nxc5 40. Rxc8
Be7 41. Rc6+ Kf5 42. Bc2+ 1-0

[Event "Ct. Girona indiv. Absolut"]
[Site "Girona"]
[Date "2013.10.06"]
[Round "2"]
[White "Pruja Ramirez de Cartagena, E."]
[Black "Diaz Muñoz, S."]
[Result "0-1"]
[WhiteElo "1811"]
[BlackElo "2038"]
[PlyCount "64"]
[EventDate "2013.??.??"]
[EventType "swiss"]
[EventRounds "9"]

1. e4 c5 2. Nc3 Nc6 3. f4 g6 4. Nf3 Bg7 5. Bb5 Nd4 6. O-O Nxb5 7. Nxb5 d6 8.
Nc3 e6 9. d3 Ne7 10. Qe2 O-O 11. Bd2 Bd7 12. Rae1 b5 13. Nd1 b4 14. c3 a5 15.
Ne3 Bb5 16. c4 Bc6 17. e5 dxe5 18. fxe5 Bxf3 19. Rxf3 Bxe5 20. Ng4 Bd4+ 21. Be3
Nf5 22. Bf2 Ra6 23. Rh3 Bxf2+ 24. Qxf2 h5 25. Ne5 Qd4 26. Qxd4 Nxd4 27. Nd7 Rc8
28. Re5 Rac6 29. Nf6+ Kg7 30. Ne4 f6 31. Nxf6 Kxf6 32. Re4 Rd8 0-1

[Event "Ct. Girona indiv. Absolut"]
[Site "Girona"]
[Date "2013.10.06"]
[Round "2"]
[White "Vidal Palou, J."]
[Black "Cano Egea, G."]
[Result "0-1"]
[WhiteElo "1699"]
[BlackElo "1935"]
[PlyCount "110"]
[EventDate "2013.??.??"]
[EventType "swiss"]
[EventRounds "9"]

1. d4 d5 2. Nf3 Nf6 3. Bf4 c5 4. e3 Nc6 5. Nbd2 Bg4 6. c3 e6 7. Qb3 Qb6 8. Bb5
Be7 9. Ne5 Rc8 10. a4 O-O 11. Nxg4 Nxg4 12. Qd1 Nf6 13. Rb1 c4 14. Bxc6 Rxc6
15. O-O Qa5 16. Qc2 Rd8 17. f3 Ra6 18. Ra1 b5 19. axb5 Qxa1 20. Rxa1 Rxa1+ 21.
Kf2 Bd6 22. Bxd6 Rxd6 23. e4 Rb6 24. exd5 exd5 25. Qf5 Re6 26. b4 Ra2 27. Qf4
Ne4+ 28. fxe4 Rf6 29. Qxf6 gxf6 30. Ke3 Rc2 31. exd5 Rxc3+ 32. Ke4 Rc2 33. d6
Kf8 34. Nb1 Rb2 35. Nc3 Rxb4 36. Kd5 Ke8 37. Kc5 Rb2 38. Kxc4 Rxg2 39. Kd5 Kd7
40. Ne4 Rg6 41. Nc5+ Kc8 42. Nd3 Kd7 43. Nc5+ Kc8 44. Kc6 f5 45. Nd3 Rh6 46.
Ne5 Rf6 47. h4 h5 48. Nf3 f4 49. Kc5 Rf5+ 50. Kc6 f6 51. d5 Re5 52. Nd4 f3 53.
Nxf3 Re4 54. Kc5 Kd7 55. Nd4 Rxh4 0-1

[Event "Ct. Girona indiv. Absolut"]
[Site "Girona"]
[Date "2013.10.06"]
[Round "2"]
[White "Vidal Zamora, A."]
[Black "Bigas Hospital, J."]
[Result "1-0"]
[WhiteElo "2182"]
[BlackElo "1843"]
[PlyCount "108"]
[EventDate "2013.??.??"]
[EventType "swiss"]
[EventRounds "9"]

1. d4 d5 2. c4 e6 3. Nc3 Nf6 4. Bg5 Be7 5. Nf3 Ne4 6. Bxe7 Qxe7 7. Qc2 Nxc3 8.
Qxc3 Nc6 9. e3 O-O 10. a3 a6 11. Rc1 Bd7 12. Bd3 Rac8 13. cxd5 exd5 14. Qc5 Qd6
15. O-O Ne7 16. b4 Bf5 17. Ne5 f6 18. Bxf5 Nxf5 19. Qxd6 Nxd6 20. Nd7 Rf7 21.
Nc5 c6 22. a4 Re7 23. Rc3 Kf7 24. Rb1 g5 25. Nd3 Rec7 26. Kf1 h6 27. Nc5 Re7
28. Rbc1 Kg6 29. g3 Kf7 30. Ke1 Kg6 31. Ke2 Kf5 32. Kf3 h5 33. h3 Kg6 34. R3c2
Rce8 35. Rh1 Kf7 36. h4 g4+ 37. Kg2 Kg6 38. Nd3 Kh6 39. Nf4 Re4 40. Rc5 R4e7
41. Rb1 Ne4 42. Rc2 Nd6 43. b5 axb5 44. axb5 Rc8 45. bxc6 Rxc6 46. Rxc6 bxc6
47. Rb6 Rc7 48. Nxd5 Nc4 49. Nxc7 Nxb6 50. Ne6 Nd5 51. Kf1 Kg6 52. Ke1 Kf5 53.
Nc5 Nc3 54. Nd3 Nd5 1-0

[Event "Ct. Girona indiv. Absolut"]
[Site "Girona"]
[Date "2013.10.06"]
[Round "2"]
[White "Vilanova Guardiola, JM."]
[Black "Triadu Cassa, J."]
[Result "0-1"]
[WhiteElo "1841"]
[BlackElo "2173"]
[PlyCount "68"]
[EventDate "2013.??.??"]
[EventType "swiss"]
[EventRounds "9"]

1. d4 Nf6 2. c4 c5 3. d5 e6 4. Nc3 exd5 5. cxd5 d6 6. Nf3 g6 7. Bf4 a6 8. a4
Bg7 9. h3 O-O 10. e3 Nh5 11. Bh2 f5 12. Be2 f4 13. O-O Qe7 14. Qd3 Nd7 15. a5
Bh6 16. e4 Ne5 17. Qd1 Nf6 18. Nxe5 Qxe5 19. Bf3 Rb8 20. Na4 Bd7 21. Nb6 Bb5
22. Re1 Qxb2 23. Be2 Qe5 24. Rb1 Bxe2 25. Rxe2 Qe7 26. Rb3 Nd7 27. Nc4 Ne5 28.
Nxe5 Qxe5 29. Qb1 Bg7 30. Rb6 Qe7 31. Qb3 Bd4 32. Qf3 Qf6 33. Qg4 c4 34. Rc2
Bxb6 0-1

[Event "Ct. Girona indiv. Absolut"]
[Site "Girona"]
[Date "2013.10.06"]
[Round "2"]
[White "Zamora Alarcon, J."]
[Black "Salagran Ferragut, G."]
[Result "0-1"]
[WhiteElo "1791"]
[BlackElo "1995"]
[PlyCount "70"]
[EventDate "2013.??.??"]
[EventType "swiss"]
[EventRounds "9"]

1. e4 c5 2. Nc3 e6 3. Bc4 a6 4. a4 Nc6 5. d3 Nf6 6. Bg5 Be7 7. Bxf6 Bxf6 8.
Nge2 Qc7 9. O-O Ne5 10. Bb3 h5 11. f4 Ng4 12. Qd2 c4 13. h3 cxb3 14. hxg4 hxg4
15. cxb3 Qa5 16. e5 Be7 17. d4 b6 18. Kf2 Bb7 19. Rh1 O-O-O 20. Rac1 Kb8 21.
Ng3 d6 22. Rxh8 Rxh8 23. Rh1 Rxh1 24. Nxh1 Qb4 25. Qd1 g5 26. fxg5 dxe5 27.
dxe5 Qf4+ 28. Ke1 Qxe5+ 29. Qe2 Qxe2+ 30. Kxe2 Bxg2 31. Nf2 Bf3+ 32. Kd3 Bxg5
33. Nfe4 Bh4 34. Ke3 f5 35. Nd2 Bg5+ 0-1

[Event "Ct. Girona indiv. Absolut"]
[Site "Girona"]
[Date "2013.10.13"]
[Round "3"]
[White "Campo Echevarria, JF."]
[Black "Sanchez Luque, J."]
[Result "0-1"]
[WhiteElo "2028"]
[BlackElo "1895"]
[PlyCount "105"]
[EventDate "2013.??.??"]
[EventType "swiss"]
[EventRounds "9"]

1. Nf3 Nf6 2. c4 e6 3. Nc3 Bb4 4. a3 Bxc3 5. bxc3 O-O 6. g3 b6 7. Bg2 Bb7 8.
O-O d6 9. d3 Nbd7 10. h3 a5 11. a4 Re8 12. Re1 d5 13. Nd4 e5 14. Nb5 Nc5 15.
Bg5 c6 16. Na3 d4 17. cxd4 exd4 18. Rb1 Ra6 19. Rb2 h6 20. Bxf6 Qxf6 21. Nb1
Bc8 22. Nd2 Bf5 23. g4 Bd7 24. Ne4 Nxe4 25. Bxe4 Qh4 26. Bg2 c5 27. e3 dxe3 28.
Rxe3 Rxe3 29. fxe3 h5 30. gxh5 Bxh3 31. Qf3 Qe1+ 32. Kh2 Bxg2 33. Kxg2 b5 34.
Rf2 bxa4 35. Qxf7+ Kh7 36. Qf5+ Kh6 37. Qxc5 Qd1 38. Qc8 Ra7 39. Qe6+ Kxh5 40.
Qh3+ Kg6 41. Qg3+ Kh7 42. Qh2+ Kg6 43. Qg3+ Kh7 44. Qh3+ Kg8 45. Qc8+ Kh7 46.
Qh3+ Kg8 47. Qe6+ Kh7 48. Qe4+ Kg8 49. Qd4 Ra6 50. Qd5+ Kh7 51. Qf5+ Rg6+ 52.
Kh3 a3 53. Rh2 0-1

[Event "Ct. Girona indiv. Absolut"]
[Site "Girona"]
[Date "2013.10.13"]
[Round "3"]
[White "Cano Egea, G."]
[Black "Alejo Alvarez, R."]
[Result "0-1"]
[WhiteElo "1935"]
[BlackElo "2005"]
[PlyCount "56"]
[EventDate "2013.??.??"]
[EventType "swiss"]
[EventRounds "9"]

1. e4 e5 2. Nf3 Nf6 3. Nxe5 d6 4. Nf3 Nxe4 5. d4 d5 6. Bd3 Bd6 7. O-O Bg4 8.
Re1 f5 9. c4 c6 10. Qb3 Bxf3 11. gxf3 Qh4 12. fxe4 Qxh2+ 13. Kf1 fxe4 14. Bxe4
dxe4 15. Rxe4+ Kd7 16. Qxb7+ Bc7 17. Nc3 Rf8 18. Be3 Na6 19. Rb1 Rxf2+ 20. Bxf2
Rf8 21. Ke1 Qxf2+ 22. Kd1 Qf1+ 23. Kc2 Qxc4 24. Rbe1 Nb4+ 25. Kc1 Nd3+ 26. Kb1
Nxe1 27. Rxe1 Qd3+ 28. Kc1 Rf2 0-1

[Event "Ct. Girona indiv. Absolut"]
[Site "Girona"]
[Date "2013.10.13"]
[Round "3"]
[White "Diaz Muñoz, S."]
[Black "De Azua Arpi, R."]
[Result "1-0"]
[WhiteElo "2038"]
[BlackElo "1923"]
[PlyCount "53"]
[EventDate "2013.??.??"]
[EventType "swiss"]
[EventRounds "9"]

1. e4 e6 2. d4 d5 3. Nc3 Bb4 4. e5 c5 5. a3 Bxc3+ 6. bxc3 Ne7 7. Nf3 Nbc6 8. h4
Qa5 9. Bd2 Qa4 10. Qb1 a6 11. Qb3 Qxb3 12. cxb3 cxd4 13. cxd4 Nf5 14. Bc3 Bd7
15. Bd3 g6 16. g4 Ng7 17. h5 O-O-O 18. h6 Ne8 19. Ng5 Nd6 20. exd6 Rdf8 21. Nf3
f6 22. g5 e5 23. dxe5 fxe5 24. Nxe5 Re8 25. f4 d4 26. Bd2 Rhf8 27. O-O 1-0

[Event "Ct. Girona indiv. Absolut"]
[Site "Girona"]
[Date "2013.10.13"]
[Round "3"]
[White "Dorca Dilme, R."]
[Black "Aymerich Verdaguer, E."]
[Result "1/2-1/2"]
[WhiteElo "2196"]
[BlackElo "1980"]
[PlyCount "121"]
[EventDate "2013.??.??"]
[EventType "swiss"]
[EventRounds "9"]

1. e4 c5 2. Nc3 Nc6 3. Bb5 e6 4. Bxc6 bxc6 5. d3 d5 6. f4 Be7 7. Nf3 h5 8. O-O
Nf6 9. Qe1 Rb8 10. b3 Ba6 11. Kh1 O-O 12. Bd2 Qc7 13. Ng5 Bc8 14. Rd1 Re8 15.
h3 Bd7 16. e5 Nh7 17. Nxh7 Kxh7 18. Qe2 g6 19. Qf2 h4 20. Na4 c4 21. dxc4 c5
22. Nc3 Qc6 23. f5 gxf5 24. Qf4 Rh8 25. Nb5 Kg7 26. Nd6 d4 27. c3 dxc3 28. Bxc3
Rh5 29. Qd2 Bxd6 30. Qxd6 Rg5 31. Rf2 Qxd6 32. Rxd6 Bc8 33. Bd2 Rg3 34. Bf4 Rg6
35. Rd8 Ra8 36. Be3 Bb7 37. Rxa8 Bxa8 38. Bxc5 f4 39. Kh2 a6 40. Be7 f5 41.
Bxh4 Be4 42. Bf6+ Kh6 43. h4 Rg4 44. Bg5+ Kh5 45. b4 Bd3 46. c5 Be4 47. a3 Bc6
48. Rc2 Kg6 49. Ra2 Ba4 50. Rd2 Bc6 51. Rf2 Kh5 52. Bxf4 Rxh4+ 53. Kg1 Rg4 54.
g3 Rg7 55. Rh2+ Kg6 56. Kf2 Rh7 57. Rxh7 Kxh7 58. Ke3 Kg6 59. Kd4 Kf7 60. Kc3
Ba4 61. Bg5 1/2-1/2

[Event "Ct. Girona indiv. Absolut"]
[Site "Girona"]
[Date "2013.10.13"]
[Round "3"]
[White "Garcia Taberner, L."]
[Black "Vidal Zamora, A."]
[Result "0-1"]
[WhiteElo "1963"]
[BlackElo "2182"]
[PlyCount "166"]
[EventDate "2013.??.??"]
[EventType "swiss"]
[EventRounds "9"]

1. e4 c5 2. Nf3 a6 3. d3 d6 4. g3 g6 5. Bg2 Bg7 6. O-O Nc6 7. c3 Nf6 8. Nbd2
Bg4 9. h3 Bxf3 10. Nxf3 d5 11. e5 Nd7 12. d4 e6 13. Bg5 Qa5 14. Qd2 cxd4 15.
cxd4 Qxd2 16. Bxd2 Nb6 17. b3 Bf8 18. Rac1 Ba3 19. Rc2 Rc8 20. Bc1 Be7 21. Bh6
Kd7 22. Re2 Rhg8 23. h4 Nb4 24. Be3 Rc2 25. Rxc2 Nxc2 26. Bg5 Rc8 27. Bxe7 Kxe7
28. Rd1 Na3 29. Bf1 Rc2 30. Rd2 Rc1 31. Kg2 Nc8 32. Ng5 h6 33. Nh3 Na7 34. Nf4
Rc2 35. Rxc2 Nxc2 36. Nd3 Nc6 37. Nc5 Nd8 38. f4 Nxd4 39. Kf2 N4c6 40. a4 Nb8
41. b4 Nd7 42. Nb3 Nc6 43. b5 axb5 44. axb5 Nd8 45. Ke3 h5 46. Bd3 b6 47. Be2
Nb7 48. Nd4 Ndc5 49. g4 hxg4 50. Bxg4 Na5 51. h5 gxh5 52. Bxh5 f6 53. exf6+
Kxf6 54. Bg4 Nc4+ 55. Ke2 Nd6 56. Ke3 Nde4 57. Bh3 Ke7 58. Nc6+ Kd6 59. Nd4 Nf6
60. Nc6 Nb3 61. Nd8 d4+ 62. Kd3 Nd5 63. Nxe6 Nc5+ 64. Nxc5 bxc5 65. Kc4 Nxf4
66. Bf1 Nd5 67. Kd3 Nc3 68. Kc4 Na4 69. Bg2 Kc7 70. Bc6 Kb6 71. Be8 Nb2+ 72.
Kb3 Nd1 73. Bd7 Ne3 74. Be8 Nf5 75. Bd7 Ne3 76. Be8 Ka5 77. Bd7 c4+ 78. Kb2 c3+
79. Kb3 c2 80. Kb2 d3 81. Kc1 Kb4 82. Kd2 Nc4+ 83. Kc1 Kc3 0-1

[Event "Ct. Girona indiv. Absolut"]
[Site "Girona"]
[Date "2013.10.13"]
[Round "3"]
[White "Granados Aguilera, C."]
[Black "Alonso Mediavilla, C."]
[Result "1/2-1/2"]
[WhiteElo "1614"]
[BlackElo "1857"]
[PlyCount "32"]
[EventDate "2013.??.??"]
[EventType "swiss"]
[EventRounds "9"]

1. d4 d5 2. Nf3 Nf6 3. Bf4 e6 4. e3 c5 5. c3 Nc6 6. Nbd2 Be7 7. Bd3 O-O 8. Ne5
c4 9. Bc2 Nd7 10. h4 f5 11. g4 Nf6 12. g5 Ne4 13. Qh5 Nxe5 14. Bxe5 Qe8 15.
Qxe8 Rxe8 16. Ba4 Rf8 1/2-1/2

[Event "Ct. Girona indiv. Absolut"]
[Site "Girona"]
[Date "2013.10.13"]
[Round "3"]
[White "Kripakov, A."]
[Black "Mallol Descarrega, G."]
[Result "1/2-1/2"]
[WhiteElo "1797"]
[BlackElo "1519"]
[PlyCount "107"]
[EventDate "2013.??.??"]
[EventType "swiss"]
[EventRounds "9"]

1. e4 e5 2. Nf3 Nc6 3. Bc4 Nf6 4. d4 exd4 5. O-O Bc5 6. e5 Ng4 7. Bf4 d6 8.
exd6 Bxd6 9. Re1+ Kf8 10. Bg5 Bxh2+ 11. Kf1 Qd6 12. Nbd2 h6 13. Bh4 g5 14. Qe2
Bd7 15. Ne4 Qg6 16. Bg3 Bxg3 17. Nxg3 Re8 18. Qd2 Qd6 19. Rad1 Nge5 20. Nxe5
Rxe5 21. a3 Be6 22. Bd3 Bg4 23. Rc1 Kg7 24. Ne4 Qd7 25. f3 Bf5 26. Kf2 Bxe4 27.
Bxe4 Rhe8 28. g4 Qd6 29. Rh1 b6 30. Rh3 Na5 31. b4 Nc4 32. Qd3 Qe6 33. Qxd4 Qd6
34. Qxc4 Qd2+ 35. Kg3 Qxc1 36. Rh2 Qxa3 37. c3 c5 38. Ra2 Qc1 39. Rxa7 R8e7 40.
Rxe7 Rxe7 41. Qd3 cxb4 42. Qd4+ f6 43. Qxb4 Qg1+ 44. Kh3 Qc5 45. Qb3 Qe3 46.
Qd5 Rxe4 47. Qxe4 Qxe4 48. fxe4 b5 49. Kg3 Kf7 50. Kf3 Ke6 51. Ke3 Ke5 52. Kf3
Kd6 53. Ke3 Ke5 54. Kf3 1/2-1/2